000 00498nam a22001817a 4500
005 20260414161201.0
008 260414b |||||||| |||| 00| 0 eng d
020 _a9789390595327
050 _aRA 1051 .B57 2002 V.3
_bC.1
100 _aBISWAS GAUTAM
245 _aRECENT ADVANCES IN FORENSIC MEDICINE AND TOXICOLOGY
250 _a1ST
260 _aNEW DELHI
_bJAYPEE BROTHERS MEDICAL
_c2002
300 _a462P
500 _aINCLUDES INDEX
700 _aCINA,J STEPHEN
942 _2lcc
_cBK
999 _c216956
_d216956